Castilla

Spremljeno u:
Bibliografski detalji
Glavni autor: Azorín, Antonio
Format: Knjiga
Jezik:Undetermined
Izdano: Buenos Aires, Argentina Losada 1969
Izdanje:7
Teme:
Oznake: Dodaj oznaku
Bez oznaka, Budi prvi tko označuje ovaj zapis!

MARC

LEADER 00000nam a2200000Ia 4500
008 170316s9999 xx 000 0 und d
040 |a cru BVZT 
090 |a 862 A-52c 
100 |a Azorín, Antonio 
245 |a Castilla 
250 |a 7 
260 |a Buenos Aires, Argentina 
260 |b Losada 
260 |c 1969 
300 |a 146 páginas 
650 |a LITERATURA ESPAÑOLA 
999 |c 9465  |d 9465 
942 |c 15 D  |h 862 A-52c  |2 z